[Event "94th Tradewise Hastings Congress"]
[Site "Hastings"]
[Date "2018.12.29"]
[Round "2"]
[White "Korneev, Oleg"]
[Black "Bates, Richard A"]
[Result "1-0"]
[WhiteElo "2550"]
[BlackElo "2372"]
[Annotator "ChessBase"]
[PlyCount "80"]
[EventDate "2018.12.28"]
[EventType "swiss"]
[EventCountry "ENG"]
[SourceTitle "playchess.com"]
[Source "ChessBase"]
[SourceQuality "1"]
[TimeControl "40/6000+30:3000+30"]

1. e4 {[%emt 0:06:00]} c5 {[%emt 0:00:11]} 2. Nf3 {[%emt 0:00:03]} d6 {[%emt 0:00:23]} 3. d4 {[%emt 0:00:05]} cxd4 {[%emt 0:00:16]} 4. Nxd4 {[%emt 0:00:02]} Nf6 {[%emt 0:00:14]} 5. Nc3 {[%emt 0:00:02]} a6 {[%emt 0:00:42]} 6. Be3 {[%emt 0:00:03]} e5 {[%emt 0:00:41]} 7. Nf3 {[%emt 0:00:05]} Be7 {[%emt 0:02:01]} 8. Bc4 {[%emt 0:02:30]} O-O {[%emt 0:00:13]} 9. O-O {[%emt 0:00:03]} Nc6 {[%emt 0:04:18]} 10. Bg5 {[%emt 0:01:52]} Be6 {[%emt 0:05:10]} 11. Bb3 {[%emt 0:02:22]} b5 {[%emt 0:04:59]} 12. Bxf6 {[%emt 0:00:37]} Bxf6 {[%emt 0:00:07]} 13. Nd5 {[%emt 0:00:16]} Rc8 {[%emt 0:15:30]} 14. c3 {[%emt 0:02:03]} g6 {[%emt 0:11:09]} 15. a4 {[%emt 0:06:27]} Bg7 {[%emt 0:18:11]} 16. axb5 {[%emt 0:00:08]} axb5 {[%emt 0:00:05]} 17. Ne1 {[%emt 0:12:39]} Kh8 18. Nc2 {[%emt 0:01:14]} Na5 {[%emt 0:10:49]} 19. Ba2 {[%emt 0:03:14]} Nc4 {[%emt 0:00:44]} 20. b4 {[%emt 0:09:59]} Qg5 {[%emt 0:07:02]} 21. Re1 {[%emt 0:06:57]} f5 {[%emt 0:07:22]} 22. Nb6 {[%emt 0:06:51]} Rcd8 {[%emt 0:06:27]} 23. Bxc4 {[%emt 0:00:14]} bxc4 {[%emt 0:00:10]} 24. Nd5 {[%emt 0:08:23]} fxe4 {[%emt 0:00:47]} 25. Nce3 {[%emt 0:13:32]} Qh4 {[%emt 0:00:19]} 26. Ra2 {[%emt 0:05:52]} Bh6 {[%emt 0:04:59]} 27. b5 {[%emt 0:00:58]} Bxe3 {[%emt 0:02:46]} 28. Rxe3 {[%emt 0:00:17]} Ra8 {[%emt 0:00:31]} 29. g3 {[%emt 0:05:19]} Qh3 {[%emt 0:00:53]} 30. Rxa8 {[%emt 0:00:24]} Rxa8 {[%emt 0:00:06]} 31. Re1 {[%emt 0:05:15]} Ra2 {[%emt 0:06:01]} 32. Nb4 {[%emt 0:06:32]} e3 {[%emt 0:01:44]} 33. Nxa2 {[%emt 0:03:24]} exf2+ {[%emt 0:00:06]} 34. Kxf2 {[%emt 0:00:06]} Qxh2+ {[%emt 0:00:36]} 35. Ke3 {[%emt 0:00:03]} Qh6+ {[%emt 0:00:46]} 36. Kf2 {[%emt 0:00:19]} Qh2+ {[%emt 0:00:04]} 37. Ke3 {[%emt 0:00:03]} Qh6+ {[%emt 0:00:06]} 38. Ke4 {[%emt 0:01:17]} Qg5 {[%emt 0:01:34]} 39. Qxd6 {[%emt 0:01:01]} Bf5+ {[%emt 0:00:51]} 40. Kd5 {[%emt 0:01:00]} Qd2+ {[%emt 0:00:17] Ke4} 1-0

[Event "94th Tradewise Hastings Congress"]
[Site "Hastings"]
[Date "2018.12.29"]
[Round "2"]
[White "Gormally, Daniel W"]
[Black "Taylor, Adam C"]
[Result "1-0"]
[WhiteElo "2478"]
[BlackElo "2331"]
[Annotator "TA"]
[PlyCount "113"]
[EventDate "2018.12.28"]
[EventType "swiss"]
[EventCountry "ENG"]
[SourceTitle "playchess.com"]
[Source "ChessBase"]
[SourceQuality "1"]

{[%evp 16,113,43,22,91,80,82,88,77,80,79,81,81,78,69,68,68,69,69,67,71,74,81,77,81,72,103,83,96,94,95,102,98,87,106,61,60,58,74,64,72,65,66,79,74,65,65,65,65,65,97,37,45,22,22,22,144,103,131,93,353,345,345,284,354,284,613,586,1656,1609,1812,1450,1674,1333,1212,1352,1345,1222,970,945,1675,1635,5712,5700,1443,1633,1732,1120,5309,9663,29965,29972,29972,29971,29977,29978,29978,29979,29979,29980]} 1. d4 Nf6 2. Nf3 d5 3. c4 e6 4. g3 Be7 5. Bg2 O-O 6. O-O dxc4 7. Nc3 c5 8. dxc5 Nc6 9. Qa4 {LiveBook: 14 Games. E05: Open Catalan: 5 Nf3 Be7} e5 (9... Qa5 $11) (9... Qa5 10. Qxc4 Qxc5 11. Qb3 Qb4 12. Qc2 e5 13. a3 Qc4 14. b3 Qc5 15. Qb2 Nd4 16. Na4 Nxf3+ 17. exf3 Qb5 18. Re1 {1-0 (41) Gasanov,E (2504)-Guliev,L (2386) Nakhchivan 2014}) 10. Rd1 Qa5 $146 ({Predecessor:} 10... Qc7 11. Nb5 Qb8 12. Qxc4 Be6 13. Qc2 a6 14. Nd6 Rd8 15. Be3 Bxd6 16. cxd6 Rxd6 {1-0 (29) Sulava,N (2380)-Micalizzi,G (2070) Ragusa 1989}) 11. Qxa5 {White is better.} Nxa5 12. Nxe5 Bxc5 13. Bg5 Ng4 14. Nxg4 Bxg4 15. h3 Be6 16. Na4 Bb6 17. Bd2 Nc6 18. Bc3 Rfd8 19. Nxb6 axb6 20. a3 f6 21. f4 Na5 22. g4 Nb3 23. Rab1 Nc5 24. f5 Bf7 25. Bf3 Be8 26. Rd4 Rxd4 27. Bxd4 Bc6 28. Bxc6 bxc6 29. Bxc5 $1 bxc5 $16 {[%mdl 4096] Endgame KR-KR} 30. Rc1 Rb8 31. Rc2 Rb3 32. Kf2 h5 33. Rxc4 (33. gxh5 $16 Kh7 34. Rxc4) 33... Rxb2 $14 34. Rxc5 Rb3 35. a4 {[%cal Ba3a4,Ba4a5,Ba5a6][%mdl 32]} hxg4 (35... h4 $11 {remains equal.}) 36. hxg4 $16 Rb4 37. a5 {[#] And now a6 would win.} Rxg4 $2 {[%mdl 8192]} (37... Ra4 $16 {might work better.} 38. Kf3 (38. Rxc6 Rxa5 39. Kf3 Ra1 $16) 38... Kf7) 38. a6 $18 ({Less strong is} 38. Rxc6 Rf4+ 39. Ke3 Rxf5 $16) 38... Ra4 39. Rxc6 Kh7 40. Kf3 Kh6 $2 (40... Kg8 41. Rb6 Ra5) 41. e4 Kg5 42. Ke3 Kg4 43. Re6 Kg5 44. Rb6 Kg4 45. Kd3 Kg5 46. Rc6 Ra3+ 47. Kc2 Ra4 {[#]} 48. Re6 $1 g6 49. Kb3 Ra1 50. fxg6 Kxg6 51. Kb4 Kg5 52. Kb5 (52. Kc5 $142 f5 53. exf5) 52... f5 53. exf5 {White mates.} Kxf5 54. Re3 Rb1+ 55. Ka4 Rb6 56. Ka5 Rb1 57. Ra3 {Accuracy: White = 83%, Black = 31%.} 1-0

[Event "94th Tradewise Hastings Congress"]
[Site "Hastings"]
[Date "2018.12.29"]
[Round "2"]
[White "Petrov, Martin"]
[Black "Derakhshani, Borna"]
[Result "1/2-1/2"]
[WhiteElo "2472"]
[BlackElo "2325"]
[Annotator "ChessBase"]
[PlyCount "43"]
[EventDate "2018.12.28"]
[EventType "swiss"]
[EventCountry "ENG"]
[SourceTitle "playchess.com"]
[Source "ChessBase"]
[SourceQuality "1"]
[TimeControl "40/6000+30:3000+30"]

1. e4 {[%emt 0:03:18]} c6 {[%emt 0:00:30]} 2. d4 {[%emt 0:00:20]} d5 {[%emt 0:00:08]} 3. e5 {[%emt 0:00:10]} Bf5 {[%emt 0:00:08]} 4. Nf3 {[%emt 0:00:09]} e6 {[%emt 0:00:06]} 5. Be2 {[%emt 0:00:08]} Bg6 {[%emt 0:01:22]} 6. O-O {[%emt 0:03:20]} Nd7 {[%emt 0:00:24]} 7. Nbd2 {[%emt 0:00:41]} Nh6 {[%emt 0:00:30]} 8. Nb3 {[%emt 0:00:15]} Nf5 {[%emt 0:00:28]} 9. Bd2 {[%emt 0:01:44]} Be7 {[%emt 0:00:47]} 10. Rc1 {[%emt 0:02:38]} O-O {[%emt 0:02:13]} 11. c4 {[%emt 0:00:34]} dxc4 {[%emt 0:03:00]} 12. Na5 {[%emt 0:00:14]} c3 {[%emt 0:05:48]} 13. Bxc3 {[%emt 0:00:15]} Rb8 {[%emt 0:01:24]} 14. Nc4 {[%emt 0:03:51]} Nb6 {[%emt 0:04:10]} 15. Nxb6 {[%emt 0:15:03]} axb6 {[%emt 0:05:24]} 16. g4 {[%emt 0:13:31]} Nh6 {[%emt 0:03:27]} 17. h3 {[%emt 0:00:20]} b5 {[%emt 0:05:38]} 18. a3 {[%emt 0:09:29]} Be4 {[%emt 0:08:42]} 19. Bd3 {[%emt 0:11:52]} Bd5 {[%emt 0:06:36]} 20. Bb1 {[%emt 0:05:50]} f5 {[%emt 0:06:42]} 21. exf6 {[%emt 0:01:52]} Bxf6 {[%emt 0:01:19]} 22. Qe2 {[%emt 0:08:57]} 1/2-1/2

[Event "94th Tradewise Hastings Congress"]
[Site "Hastings"]
[Date "2018.12.29"]
[Round "2"]
[White "Lalic, Bogdan"]
[Black "Anderson, John"]
[Result "1-0"]
[WhiteElo "2420"]
[BlackElo "2163"]
[Annotator "NA"]
[PlyCount "115"]
[EventDate "2018.12.28"]
[EventType "swiss"]
[EventCountry "ENG"]
[SourceTitle "playchess.com"]
[Source "ChessBase"]
[SourceQuality "1"]
[TimeControl "40/6000+30:3000+30"]

1. d4 {[%emt 0:06:11]} d5 {[%emt 0:00:00]} 2. c4 {[%emt 0:00:19]} c6 {[%emt 0:00:00]} 3. Nc3 {[%emt 0:00:10]} dxc4 {[%emt 0:00:18]} 4. e4 {[%emt 0:00:26]} b5 {[%emt 0:06:15]} 5. a4 {[%emt 0:00:13]} b4 {[%emt 0:00:06]} 6. Nce2 {[%emt 0:00:14]} Nf6 {[%emt 0:00:36]} 7. Ng3 {[%emt 0:00:23]} Ba6 {[%emt 0:07:34]} 8. Nf3 {[%emt 0:00:13]} Nbd7 {[%emt 0:01:37]} 9. Be2 {[%emt 0:04:31]} e6 {[%emt 0:00:35]} 10. Bg5 {[%emt 0:00:46]} Qa5 {[%emt 0:07:35]} 11. O-O {[%emt 0:01:05]} b3 {[%emt 0:07:38]} 12. Qc1 {[%emt 0:11:39]} c3 {[%emt 0:05:51]} 13. Bxa6 {[%emt 0:00:10]} Qxa6 {[%emt 0:00:27]} 14. Qxc3 {[%emt 0:00:09]} Rb8 {[%emt 0:09:34]} 15. Rfc1 {[%emt 0:02:01]} Bb4 {[%emt 0:05:28]} 16. Qxc6 {[%emt 0:02:36]} Qxc6 {[%emt 0:00:07]} 17. Rxc6 {[%emt 0:00:02]} a5 {[%emt 0:03:51]} 18. Bf4 {[%emt 0:02:42]} Ra8 {[%emt 0:01:13]} 19. Bd2 {[%emt 0:08:09]} Bxd2 {[%emt 0:06:43]} 20. Nxd2 {[%emt 0:00:07]} Ke7 {[%emt 0:00:12]} 21. Rc3 {[%emt 0:00:33]} Rhb8 {[%emt 0:01:07]} 22. Rxb3 {[%emt 0:02:34]} Rxb3 {[%emt 0:03:57]} 23. Nxb3 {[%emt 0:00:14]} Nb6 {[%emt 0:00:02]} 24. f3 {[%emt 0:05:51]} Nc4 {[%emt 0:03:38]} 25. Nc5 {[%emt 0:00:05]} Nd7 {[%emt 0:01:14]} 26. b3 {[%emt 0:15:31]} Nxc5 {[%emt 0:13:41]} 27. bxc4 {[%emt 0:00:09]} Nb3 {[%emt 0:00:07]} 28. Rb1 {[%emt 0:00:08]} Nxd4 {[%emt 0:00:25]} 29. Rb7+ {[%emt 0:00:06]} Ke8 {[%emt 0:02:38]} 30. e5 {[%emt 0:01:00]} Nc6 {[%emt 0:06:58]} 31. Ne4 {[%emt 0:02:35]} Nxe5 {[%emt 0:03:11]} 32. Nd6+ {[%emt 0:00:04]} Kf8 {[%emt 0:00:27]} 33. f4 {[%emt 0:04:05]} Nd3 {[%emt 0:00:06]} 34. Rxf7+ {[%emt 0:00:12]} Kg8 {[%emt 0:00:01]} 35. Rc7 {[%emt 0:00:42]} Nxf4 {[%emt 0:03:15]} 36. g3 {[%emt 0:00:49]} Ne2+ {[%emt 0:00:35]} 37. Kf2 {[%emt 0:00:47]} Nc3 {[%emt 0:00:05]} 38. Ke3 {[%emt 0:01:20]} Nxa4 {[%emt 0:00:06]} 39. Kd4 {[%emt 0:00:37]} Nb6 {[%emt 0:01:04]} 40. Rb7 {[%emt 0:02:01]} Nc8 {[%emt 0:01:03]} 41. Nxc8 {[%emt 0:51:50]} Rxc8 {[%emt 0:50:04]} 42. c5 {[%emt 0:00:01]} h5 {[%emt 0:00:00]} 43. Ra7 {[%emt 0:00:00]} a4 {[%emt 0:00:00]} 44. Rxa4 {[%emt 0:00:00]} Kf7 {[%emt 0:00:00]} 45. Kc4 {[%emt 0:00:00]} Kf6 {[%emt 0:00:00]} 46. Ra2 {[%emt 0:00:00]} h4 {[%emt 0:00:00]} 47. gxh4 {[%emt 0:00:00]} Rh8 {[%emt 0:00:00]} 48. c6 {[%emt 0:00:00]} Rxh4+ {[%emt 0:00:00]} 49. Kc5 {[%emt 0:00:00]} Ke7 {[%emt 0:00:00]} 50. Rd2 {[%emt 0:00:00]} Rh3 {[%emt 0:00:00]} 51. c7 {[%emt 0:00:00]} Rc3+ {[%emt 0:00:00]} 52. Kb6 {[%emt 0:00:00]} Rb3+ {[%emt 0:00:00]} 53. Kc6 {[%emt 0:00:00]} Rc3+ {[%emt 0:00:00]} 54. Kb7 {[%emt 0:00:00]} Rb3+ {[%emt 0:00:00]} 55. Kc8 {[%emt 0:00:00]} g5 {[%emt 0:03:23]} 56. Ra2 {[%emt 0:00:00]} Rb4 {[%emt 0:07:15]} 57. Ra7 {[%emt 0:00:00]} Rc4 {[%emt 0:05:08]} 58. Kb8 {[%emt 0:00:00]} 1-0

[Event "94th Tradewise Hastings Congress"]
[Site "Hastings"]
[Date "2018.12.29"]
[Round "2"]
[White "Cherniaev, Alexander"]
[Black "White, Stuart A"]
[Result "1-0"]
[WhiteElo "2393"]
[BlackElo "2096"]
[Annotator "NA"]
[PlyCount "65"]
[EventDate "2018.12.28"]
[EventType "swiss"]
[EventCountry "ENG"]
[SourceTitle "playchess.com"]
[Source "ChessBase"]
[SourceQuality "1"]
[TimeControl "40/6000+30:3000+30"]

1. e4 {[%emt 0:07:54]} e6 {[%emt 0:00:00]} 2. d4 {[%emt 0:00:05]} d5 {[%emt 0:00:00]} 3. e5 {[%emt 0:00:09]} c5 {[%emt 0:00:00]} 4. c3 {[%emt 0:00:03]} Nc6 {[%emt 0:00:00]} 5. Nf3 {[%emt 0:00:10]} Qb6 {[%emt 0:00:10]} 6. a3 {[%emt 0:00:09]} Nh6 {[%emt 0:00:32]} 7. b4 {[%emt 0:00:12]} cxd4 {[%emt 0:00:14]} 8. b5 {[%emt 0:00:32]} Na5 {[%emt 0:04:57]} 9. Bxh6 {[%emt 0:00:10]} gxh6 {[%emt 0:00:13]} 10. cxd4 {[%emt 0:00:05]} Bd7 {[%emt 0:04:27]} 11. Nbd2 {[%emt 0:00:29]} Rc8 {[%emt 0:04:21]} 12. a4 {[%emt 0:02:48]} Bb4 {[%emt 0:14:39]} 13. Rb1 {[%emt 0:09:14]} Bc3 {[%emt 0:02:14]} 14. Bd3 {[%emt 0:00:12]} Bxd4 {[%emt 0:12:19]} 15. O-O {[%emt 0:08:41]} Bc5 {[%emt 0:03:02]} 16. Nb3 {[%emt 0:08:51]} Nxb3 {[%emt 0:01:21]} 17. Rxb3 {[%emt 0:00:03]} Qa5 {[%emt 0:03:38]} 18. Rb2 {[%emt 0:09:05]} Qd8 {[%emt 0:21:34]} 19. Qb1 {[%emt 0:10:56]} Qe7 {[%emt 0:01:36]} 20. Re2 {[%emt 0:02:26]} Qf8 {[%emt 0:02:23]} 21. Bxh7 {[%emt 0:03:25]} Qg7 {[%emt 0:01:26]} 22. Bd3 {[%emt 0:00:05]} Rg8 {[%emt 0:01:53]} 23. g3 {[%emt 0:06:49]} Qg4 {[%emt 0:01:39]} 24. Kg2 {[%emt 0:02:12]} Qxa4 {[%emt 0:05:49]} 25. h3 Qa5 {[%emt 0:06:55]} 26. Rc2 {[%emt 0:06:31]} Qd8 {[%emt 0:05:13]} 27. Qd1 Qe7 28. Nh2 {[%emt 0:18:42]} Qg5 {[%emt 0:10:03]} 29. Ng4 {[%emt 0:03:36]} Be7 {[%emt 0:01:14]} 30. Rxc8+ {[%emt 0:00:41]} Bxc8 {[%emt 0:00:05]} 31. Qc2 {[%emt 0:00:08]} Bd7 {[%emt 0:01:00]} 32. Qc7 {[%emt 0:00:20]} Bd8 {[%emt 0:02:01]} 33. Qb8 {[%emt 0:00:37]} 1-0

[Event "94th Tradewise Hastings Congress"]
[Site "Hastings"]
[Date "2018.12.29"]
[Round "2"]
[White "Djuric, Stefan"]
[Black "Stoyanov, Viktor"]
[Result "1-0"]
[WhiteElo "2371"]
[BlackElo "2205"]
[Annotator "ChessBase"]
[PlyCount "167"]
[EventDate "2018.12.28"]
[EventType "swiss"]
[EventCountry "ENG"]
[SourceTitle "playchess.com"]
[Source "ChessBase"]
[SourceQuality "1"]
[TimeControl "40/6000+30:3000+30"]

1. c4 {[%emt 0:00:00]} e6 {[%emt 0:00:48]} 2. Nc3 d5 3. d4 {[%emt 0:00:23]} c6 {[%emt 0:00:26]} 4. Nf3 {[%emt 0:01:57]} Nf6 {[%emt 0:00:08]} 5. g3 {[%emt 0:01:19]} Be7 {[%emt 0:06:16]} 6. Bg2 {[%emt 0:00:16]} O-O {[%emt 0:00:37]} 7. O-O {[%emt 0:00:23]} Nbd7 {[%emt 0:01:36]} 8. Nd2 {[%emt 0:00:15]} Re8 {[%emt 0:10:50]} 9. e4 {[%emt 0:01:11]} dxe4 {[%emt 0:02:04]} 10. Ndxe4 {[%emt 0:00:17]} Nxe4 {[%emt 0:07:28]} 11. Nxe4 {[%emt 0:00:08]} Nf6 {[%emt 0:00:16]} 12. Nc3 {[%emt 0:03:31]} Bd7 13. Bf4 {[%emt 0:07:57]} Qb6 {[%emt 0:19:18]} 14. Na4 {[%emt 0:03:43]} Qa5 {[%emt 0:06:41]} 15. Re1 {[%emt 0:32:09]} Rac8 {[%emt 0:07:12]} 16. Re5 {[%emt 0:08:21]} Qa6 {[%emt 0:18:09]} 17. a3 {[%emt 0:20:28]} b6 {[%emt 0:00:30]} 18. c5 {[%emt 0:00:30]} Nd5 {[%emt 0:00:30]} 19. Bf1 {[%emt 0:00:30]} Qb7 {[%emt 0:03:14]} 20. Bd2 {[%emt 0:05:26]} Bf6 {[%emt 0:00:47]} 21. Re4 {[%emt 0:00:02]} e5 {[%emt 0:01:58]} 22. dxe5 {[%emt 0:00:14]} Bxe5 {[%emt 0:00:51]} 23. Qf3 {[%emt 0:01:13]} Bf6 {[%emt 0:02:33]} 24. Rae1 {[%emt 0:00:34]} Qb8 {[%emt 0:01:38]} 25. h4 {[%emt 0:02:56]} Rxe4 {[%emt 0:02:08]} 26. Rxe4 {[%emt 0:00:08]} Re8 {[%emt 0:00:05]} 27. Bg5 {[%emt 0:02:21]} Rxe4 {[%emt 0:00:59]} 28. Qxe4 {[%emt 0:00:01]} b5 {[%emt 0:00:24]} 29. Bd3 {[%emt 0:00:29]} g6 {[%emt 0:01:39]} 30. Bxf6 {[%emt 0:00:10]} Nxf6 {[%emt 0:00:46]} 31. Qd4 {[%emt 0:01:53]} Nd5 {[%emt 0:01:44]} 32. Nc3 {[%emt 0:00:08]} Be6 {[%emt 0:00:07]} 33. Ne4 {[%emt 0:01:48]} Qf8 {[%emt 0:01:27]} 34. Qe5 {[%emt 0:02:28]} Bf5 {[%emt 0:00:52]} 35. b4 {[%emt 0:02:21]} Qe7 {[%emt 0:00:42]} 36. Qd4 {[%emt 0:01:23]} a6 {[%emt 0:00:51]} 37. Kg2 {[%emt 0:00:54]} Qd8 {[%emt 0:01:46]} 38. Kg1 {[%emt 0:04:22]} Qe7 {[%emt 0:00:07]} 39. Kh2 {[%emt 0:00:15]} Qd8 {[%emt 0:00:35]} 40. Qe5 {[%emt 0:03:32]} f6 {[%emt 0:03:45]} 41. Qd4 {[%emt 0:51:11]} Qe7 {[%emt 0:50:07]} 42. Kg2 {[%emt 0:00:38]} Qd8 {[%emt 0:00:22]} 43. Kh2 {[%emt 0:01:13]} Qe7 {[%emt 0:00:08]} 44. Nc3 {[%emt 0:00:49]} Nxc3 {[%emt 0:00:13]} 45. Bxf5 {[%emt 0:00:20]} gxf5 {[%emt 0:01:27]} 46. Qxc3 {[%emt 0:00:13]} Kf7 {[%emt 0:01:38]} 47. Qd3 {[%emt 0:00:18]} Qe6 {[%emt 0:00:18]} 48. Qd8 {[%emt 0:01:43]} Kg7 {[%emt 0:00:40]} 49. Qc7+ {[%emt 0:00:17]} Kg6 {[%emt 0:00:16]} 50. Qb8 {[%emt 0:01:03]} Kg7 {[%emt 0:00:32]} 51. Qb7+ {[%emt 0:00:35]} Kg6 {[%emt 0:00:15]} 52. Qc7 {[%emt 0:00:17]} h5 {[%emt 0:00:29]} 53. Qb8 {[%emt 0:00:00]} Kh6 {[%emt 0:00:00]} 54. Qd6 {[%emt 0:00:00]} Qe4 {[%emt 0:00:00]} 55. Qxf6+ {[%emt 0:00:00]} Kh7 {[%emt 0:00:00]} 56. Qg5 {[%emt 0:00:00]} Qf3 {[%emt 0:00:00]} 57. Qe7+ {[%emt 0:00:00]} Kh8 {[%emt 0:00:00]} 58. Kg1 {[%emt 0:00:00]} Qd1+ {[%emt 0:00:00]} 59. Kg2 Qd5+ 60. Kh2 {[%emt 0:00:00]} Qf3 {[%emt 0:00:00]} 61. Qd8+ {[%emt 0:00:00]} Kh7 {[%emt 0:00:00]} 62. Qd4 {[%emt 0:00:00]} Kg8 {[%emt 0:00:00]} 63. Kg1 {[%emt 0:00:00]} Kf7 {[%emt 0:00:00]} 64. Kf1 {[%emt 0:00:00]} Kf8 {[%emt 0:00:00]} 65. Ke1 {[%emt 0:00:00]} Qxa3 {[%emt 0:00:00]} 66. Qf6+ {[%emt 0:00:00]} Kg8 {[%emt 0:00:00]} 67. Qg6+ {[%emt 0:00:00]} Kf8 {[%emt 0:00:00]} 68. Qxf5+ Kg7 {[%emt 0:00:00]} 69. Qg5+ {[%emt 0:00:00]} Kf8 {[%emt 0:00:00]} 70. Qf4+ {[%emt 0:00:00]} Kg8 71. Kf1 {[%emt 0:00:00]} Qd3+ {[%emt 0:00:00]} 72. Kg1 Qd1+ {[%emt 0:00:00]} 73. Kh2 {[%emt 0:00:00]} Qe2 {[%emt 0:00:00]} 74. Kg2 {[%emt 0:00:00]} Qe8 {[%emt 0:00:00]} 75. Qg5+ {[%emt 0:00:00]} Kh7 {[%emt 0:00:00]} 76. Qf5+ {[%emt 0:00:00]} Kg7 {[%emt 0:00:00]} 77. Qg5+ Kh8 {[%emt 0:00:00]} 78. Qe3 {[%emt 0:00:00]} Qg6 {[%emt 0:00:00]} 79. Qe5+ {[%emt 0:00:00]} Kh7 {[%emt 0:00:00]} 80. Qe7+ {[%emt 0:00:00]} Kh8 {[%emt 0:00:00]} 81. Qe5+ {[%emt 0:00:00]} Kh7 {[%emt 0:00:00]} 82. Kh2 {[%emt 0:00:00]} Qf7 {[%emt 0:00:00]} 83. Kg2 {[%emt 0:03:08]} Qg6 {[%emt 0:00:00]} 84. Qc7+ {[%emt 0:00:36]} 1-0

[Event "94th Tradewise Hastings Congress"]
[Site "Hastings"]
[Date "2018.12.29"]
[Round "2"]
[White "Sarkar, Justin"]
[Black "Hawkins, Jonathan"]
[Result "1/2-1/2"]
[WhiteElo "2332"]
[BlackElo "2583"]
[Annotator "ChessBase"]
[PlyCount "92"]
[EventDate "2018.12.28"]
[EventType "swiss"]
[EventCountry "ENG"]
[SourceTitle "playchess.com"]
[Source "ChessBase"]
[SourceQuality "1"]
[TimeControl "40/6000+30:3000+30"]

1. d4 {[%emt 0:08:28]} d5 {[%emt 0:00:00]} 2. c4 {[%emt 0:01:00]} e6 {[%emt 0:00:00]} 3. Nc3 {[%emt 0:00:16]} Nf6 {[%emt 0:00:09]} 4. Bg5 {[%emt 0:01:47]} Be7 {[%emt 0:00:38]} 5. e3 {[%emt 0:01:01]} O-O {[%emt 0:00:25]} 6. Nf3 {[%emt 0:01:03]} h6 {[%emt 0:00:08]} 7. Bh4 {[%emt 0:01:45]} b6 {[%emt 0:00:27]} 8. Rc1 {[%emt 0:00:36]} Bb7 {[%emt 0:00:29]} 9. cxd5 {[%emt 0:01:20]} Nxd5 {[%emt 0:01:26]} 10. Bxe7 {[%emt 0:01:09]} Qxe7 {[%emt 0:00:56]} 11. Nxd5 {[%emt 0:01:30]} Bxd5 {[%emt 0:00:07]} 12. a3 {[%emt 0:00:56]} c5 {[%emt 0:01:09]} 13. dxc5 {[%emt 0:01:44]} bxc5 {[%emt 0:01:24]} 14. Bc4 {[%emt 0:00:25]} Rd8 {[%emt 0:07:16]} 15. Qe2 {[%emt 0:01:12]} Nd7 {[%emt 0:00:58]} 16. e4 {[%emt 0:11:48]} Bxc4 {[%emt 0:07:43]} 17. Rxc4 {[%emt 0:00:39]} Rab8 {[%emt 0:03:21]} 18. O-O {[%emt 0:00:21]} Rb3 {[%emt 0:00:56]} 19. Rc2 {[%emt 0:13:08]} Rdb8 {[%emt 0:03:35]} 20. Rd1 {[%emt 0:00:47]} Nf6 {[%emt 0:10:39]} 21. Ne5 {[%emt 0:13:52]} Qb7 {[%emt 0:01:43]} 22. f3 {[%emt 0:00:36]} Rxb2 {[%emt 0:05:37]} 23. Rxb2 {[%emt 0:00:11]} Qxb2 {[%emt 0:00:07]} 24. Rd8+ {[%emt 0:00:19]} Kh7 {[%emt 0:00:09]} 25. Qxb2 {[%emt 0:00:08]} Rxb2 {[%emt 0:00:06]} 26. Nxf7 {[%emt 0:08:28]} Rb1+ {[%emt 0:01:19]} 27. Kf2 {[%emt 0:00:02]} Rb2+ {[%emt 0:00:08]} 28. Kg1 {[%emt 0:00:49]} Rb1+ {[%emt 0:01:03]} 29. Kf2 {[%emt 0:00:01]} Rb2+ {[%emt 0:00:08]} 30. Kf1 {[%emt 0:16:49]} Nh5 {[%emt 0:04:05]} 31. Rh8+ {[%emt 0:01:35]} Kg6 {[%emt 0:00:07]} 32. Ne5+ {[%emt 0:00:05]} Kf6 {[%emt 0:03:34]} 33. Nd7+ {[%emt 0:01:01]} Ke7 {[%emt 0:01:37]} 34. Nxc5 {[%emt 0:00:15]} Nf4 {[%emt 0:00:07]} 35. g3 {[%emt 0:04:06]} Nh3 {[%emt 0:02:03]} 36. f4 {[%emt 0:00:34]} Rxh2 {[%emt 0:00:25]} 37. e5 {[%emt 0:00:47]} Rf2+ {[%emt 0:02:31]} 38. Ke1 {[%emt 0:00:02]} Rf3 {[%emt 0:00:30]} 39. Rc8 {[%emt 0:02:22]} Rxg3 {[%emt 0:02:47]} 40. Rc7+ {[%emt 0:00:19]} Ke8 {[%emt 0:00:13]} 41. Nxe6 {[%emt 0:50:45]} g5 {[%emt 0:51:17]} 42. Ng7+ {[%emt 0:01:26]} Kd8 {[%emt 0:01:36]} 43. Ne6+ {[%emt 0:00:06]} Ke8 {[%emt 0:00:06]} 44. fxg5 {[%emt 0:12:45]} Nxg5 {[%emt 0:02:50]} 45. Nxg5 {[%emt 0:00:23]} Rxg5 {[%emt 0:00:37]} 46. Rxa7 {[%emt 0:00:07]} Rxe5+ {[%emt 0:00:52]} 1/2-1/2